Welcome to WEB OPAC of MRSPTU Central Library

Computer techniques in power system analysis (Record no. 6243)

MARC details
000 -LEADER
fixed length control field 00492nam a2200181Ia 4500
008 - FIXED-LENGTH DATA ELEMENTS--GENERAL INFORMATION
fixed length control field 230711s9999||||xx |||||||||||||| ||und||
020 ## - INTERNATIONAL STANDARD BOOK NUMBER
International Standard Book Number 978-93-329-0113-1
041 ## - LANGUAGE CODE
Language code of text/sound track or separate title ENG
082 ## - DEWEY DECIMAL CLASSIFICATION NUMBER
Classification number 621.319
Item number PA-C
100 ## - MAIN ENTRY--PERSONAL NAME
Personal name Pai,M.A
245 #0 - TITLE STATEMENT
Title Computer techniques in power system analysis
250 ## - EDITION STATEMENT
Edition statement 3rd Ed.
260 ## - PUBLICATION, DISTRIBUTION, ETC.
Date of publication, distribution, etc. 2014
Place of publication, distribution, etc. New Delhi
Name of publisher, distributor, etc. McGraw Hill Education(India) Private Limited
300 ## - PHYSICAL DESCRIPTION
Extent I.4p.
650 ## - SUBJECT ADDED ENTRY--TOPICAL TERM
Topical term or geographic name entry element Electrical Engineering
700 ## - ADDED ENTRY--PERSONAL NAME
Personal name Chatterjee,Dheeman
942 ## - ADDED ENTRY ELEMENTS (KOHA)
Koha item type Book
Holdings
Withdrawn status Lost status Damaged status Not for loan Collection Home library Current library Date acquired Cost, normal purchase price Inventory number Total checkouts Full call number Barcode Date last seen Price effective from Koha item type Date last checked out
          MRSPTU Central Library MRSPTU Central Library   575.00 KBD/2016-2017/961142808   621.319 PA-C 35260 08/17/2023 08/17/2023 Book  
          MRSPTU Central Library MRSPTU Central Library   575.00 KBD/2016-2017/961142808   621.319 PA-C 35261 08/17/2023 08/17/2023 Book  
          MRSPTU Central Library MRSPTU Central Library   575.00 KBD/2016-2017/961142808   621.319 PA-C 35262 08/17/2023 08/17/2023 Book  
          MRSPTU Central Library MRSPTU Central Library   575.00 KBD/2016-2017/961142808   621.319 PA-C 35263 08/17/2023 08/17/2023 Book  
          MRSPTU Central Library MRSPTU Central Library   575.00 KBD/2016-2017/961142808 1 621.319 PA-C 35264 12/16/2025 08/17/2023 Book 10/29/2025
          MRSPTU Central Library MRSPTU Central Library   575.00 KBD/2016-2017/961142808   621.319 PA-C 35265 08/17/2023 08/17/2023 Book  
          MRSPTU Central Library MRSPTU Central Library   575.00 KBD/2016-2017/961142808   621.319 PA-C 35266 08/17/2023 08/17/2023 Book  
          MRSPTU Central Library MRSPTU Central Library   575.00 KBD/2016-2017/961142808   621.319 PA-C 35267 08/17/2023 08/17/2023 Book  
          MRSPTU Central Library MRSPTU Central Library   575.00 KBD/2016-2017/961142808   621.319 PA-C 35268 08/17/2023 08/17/2023 Book  
          MRSPTU Central Library MRSPTU Central Library   575.00 KBD/2016-2017/961142808   621.319 PA-C 35269 08/17/2023 08/17/2023 Book  
          MRSPTU Central Library MRSPTU Central Library   575.00 KBD/2016-2017/961142808   621.319 PA-C 35270 08/17/2023 08/17/2023 Book  
          MRSPTU Central Library MRSPTU Central Library   575.00 KBD/2016-2017/961142808   621.319 PA-C 35271 08/17/2023 08/17/2023 Book  
          MRSPTU Central Library MRSPTU Central Library   575.00 KBD/2016-2017/961142808   621.319 PA-C 35272 08/17/2023 08/17/2023 Book  
          MRSPTU Central Library MRSPTU Central Library   575.00 KBD/2016-2017/961142808   621.319 PA-C 35273 08/17/2023 08/17/2023 Book  
          MRSPTU Central Library MRSPTU Central Library   575.00 KBD/2016-2017/961142808   621.319 PA-C 35274 08/17/2023 08/17/2023 Book  

Website Designed and Developed by MRSPTU Central Library Team

E-mail Id: librarian@mrsptu.ac.in